00484cam a2200157 a 450000100100000000500170001000800410002704000240006808200190009210000310011124500810014226000340022330000250025765000200028265000240030200000629720200929153918.0831029s1926 fr 001 0 fre  aDO-SdBNPcCarPdDLC a843.914bC615j1 aClaudel, Paul,d1868-1955.13aLa jeune fille Violaine :bpremiere version inedite de 1892 /cPaul Claudel. aParís, :bExcelsoir,c1926. axi, 168 p. ;c18 cm. 4aNovela francesa 4aLiteratura francesa